000 00290nam a22001217a 4500
082 _a425
_bSUN/E
100 _aSUNITA,K.S
245 _aENGLISH CONVERSATION PRACTICE
260 _aNEW DELHI
_bSTERLNG BOOK
300 _a123
650 _aENGLISH CONVERSATION PRACTICE
_zNEW DELHI
942 _cBK
999 _c3922
_d3922